| 000 | 00874cam a2200229 a 4500 | ||
|---|---|---|---|
| 020 | _a0521628628 | ||
| 040 | _cDLC | ||
| 082 | 0 | 0 | _a428 CAM 1997 A022 Or. |
| 100 | 1 | _aRichards, Jack C., | |
| 245 | 1 | 0 |
_aNew interchange : _bEnglish for international communication : student's book 2 / |
| 250 | _aNew ed. | ||
| 260 |
_aCambridge, U.K. ; _aNew York, NY, USA : _bCambridge University Press, _c1997. |
||
| 300 |
_a1 v. (various pagings) : _bill. (some col.) ; _c28 cm. + _e2 sound discs (digital ; 4 3/4 in.) |
||
| 500 | _aRev. ed. of: Interchange : English for international communication : student's book 2. 1991. | ||
| 650 | 0 | _aEnglish language | |
| 650 | 0 | _aCommunication, International | |
| 700 | 1 | _aHull, Jonathan, | |
| 700 | 1 | _aProctor, Susan, | |
| 700 | 1 | _aRichards, Jack C., | |
| 856 | 4 | 2 | _uhttp://www.loc.gov/catdir/description/cam028/97027440.html |
| 942 | _cEK | ||
| 999 |
_c12172 _d12172 |
||